Les banques en France - Statistiques

Statistiques générales
  • Ce quiz a été pris 514 fois
  • Le résultat moyen est 8 sur 22
Statistiques - réponses
Année de création Une des initiales Nom de la banque % Correct
1885 A Crédit Agricole
90%
1993 B BNP-Paribas
72%
1864 S Société générale
71%
1882 M Crédit Mutuel
68%
1818 E Caisse d'épargne
64%
1863 L Crédit Lyonnais
60%
1878 P Banque Populaire
59%
2006 B Banque Postale
44%
2005 H HSBC
40%
1800 F Banque de France
35%
1848 N Crédit du Nord
31%
2000 F Fortunéo
24%
1998 B Boursorama Banque
23%
1991 I ING
20%
2013 H Hello bank !
19%
2017 O Orange bank
18%
1859 C Crédit Industriel et Commercial
14%
2009 B Bforbank
11%
1816 D Caisse des Dépôts et Consignations
4%
1975 I Indosuez
3%
1986 B Banque Française Mutualiste
1%
2012 I Banque Publique d'Investissement
1%
Aucun quiz correspondant
Distribution des résultats
% des personnes avec chaque résultat
Percentile par nombre de réponses
Votre historique - résultats
Vous n’avez pas pris ce quiz